| 000 | 00844nam a22002292 4500 | ||
|---|---|---|---|
| 001 | 18605 | ||
| 003 | BD-RjUL | ||
| 005 | 20211209000317.0 | ||
| 008 | 140220r19621937nyu 001 0 eng d | ||
| 035 |
_aOCLC ocm07966156 from D960925M _a(BD-RjUL)18663 |
||
| 040 |
_aPLF _cPLF _dBD-RjUL _beng |
||
| 041 | _aeng | ||
| 082 |
_a821.9 _bROC 1962 |
||
| 100 | 1 |
_aRosenberg, Isaac, _d1890-1918. _957309 |
|
| 245 | 1 | 4 |
_aThe collected poems of Isaac Rosenberg / _cedited by Gordon Bottomley & Denys Harding ; with a foreword by Siegfried Sassoon. |
| 260 |
_aLondon : _bChatto and Windus, _c1962. |
||
| 300 |
_aviii,240 p. ; _c19 cm. |
||
| 500 | _aReprint of part of the work originally pub. by Chatto and Windus, London, under title: The collected works of Isaac Rosenberg. | ||
| 504 | _aIncludes index. | ||
| 650 |
_aPoetry _957310 |
||
| 942 |
_2ddc _cBK |
||
| 999 |
_c18605 _d18605 |
||